000 00561nam a2200205Ia 4500
005 20250923145355.0
008 008 250917s9999 xx 000 0 eng d
037 _aTextual
040 _aDSWL
_beng
_cDSWL
041 _aeng
_2eng
084 _aV2:2, N64
_qDSWL
100 _aDaya,l S.
_9834621
245 4 _aThe constitution of India
_c by S. Dayal
260 _aAllahabad
_bAllahabad Law Agency
_c1964
300 _avi,606 p.
365 _aINR
_b8 . 50
925 _g8 . 50
942 _cTEXL
_hV2:2, N64
999 _c1450595
_d1450595